| 000 -LEADER |
| fixed length control field |
02201cam a2200373 i 4500 |
| 001 - CONTROL NUMBER |
| control field |
18462413 |
| 005 - DATE AND TIME OF LATEST TRANSACTION |
| control field |
20221105220729.0 |
| 008 - FIXED-LENGTH DATA ELEMENTS--GENERAL INFORMATION |
| fixed length control field |
150122t2016 moua b 001 0 eng |
| 010 ## - LIBRARY OF CONGRESS CONTROL NUMBER |
| LC control number |
2015002959 |
| 020 ## - INTERNATIONAL STANDARD BOOK NUMBER |
| International Standard Book Number |
9780323287456 (hardcover : alk. paper) 1 |
| 020 ## - INTERNATIONAL STANDARD BOOK NUMBER |
| International Standard Book Number |
032328745X (hardcover : alk. paper) 1 |
| 041 ## - LANGUAGE CODE |
| Language code of text/sound track or separate title |
eng |
| 080 ## - UNIVERSAL DECIMAL CLASSIFICATION NUMBER |
| Universal Decimal Classification number |
616.31-053 M-77 |
| 082 00 - DEWEY DECIMAL CLASSIFICATION NUMBER |
| Classification number |
617.6/45 |
| Edition number |
23 |
| 245 00 - TITLE STATEMENT |
| Title |
McDonald and Avery's dentistry for the child and adolescent / |
| Statement of responsibility, etc. |
[edited by] Jeffrey A. Dean, DDS, MSD, Chief of Staff, Office of the Chancellor, Indiana University-Purdue University Indianapolis, Ralph E. McDonald Professor of Pediatric Dentistry and Professor of Orthodontics, Indiana University School of Dentistry, Riley Hospital for Children at IU Health, Indianapolis, Indiana, James E. Jones, DMD, MSD, EdD, PhD, Professor and Chair, Department of Pediatric Dentistry, Indiana University School of Dentistry, Clinical Professor, Department of Pediatrics, Indiana University School of Medicine, Indianapolis, Indiana, LaQuia A. Walker Vinson, DDS, MPH, Assistant Professor, Pediatric Dentistry, Indiana University, Indianapolis, Indiana. |
| 246 1# - VARYING FORM OF TITLE |
| Title proper/short title |
Dentistry for the child and adolescent |
| 250 ## - EDITION STATEMENT |
| Edition statement |
Tenth edition. |
| 264 #1 - PRODUCTION, PUBLICATION, DISTRIBUTION, MANUFACTURE, AND COPYRIGHT NOTICE |
| Place of production, publication, distribution, manufacture |
St. Louis, Missouri : |
| Name of producer, publisher, distributor, manufacturer |
Elsevier, |
| Date of production, publication, distribution, manufacture, or copyright notice |
[2016] |
| 300 ## - PHYSICAL DESCRIPTION |
| Extent |
xix, 700 pages : |
| Other physical details |
illustrations (chiefly color) ; |
| Dimensions |
29 cm |
| 336 ## - CONTENT TYPE |
| Content type term |
text |
| Source |
rdacontent |
| 337 ## - MEDIA TYPE |
| Media type term |
unmediated |
| Source |
rdamedia |
| 338 ## - CARRIER TYPE |
| Carrier type term |
volume |
| Source |
rdacarrier |
| 504 ## - BIBLIOGRAPHY, ETC. NOTE |
| Bibliography, etc. note |
Includes bibliographical references and index. |
| 650 12 - SUBJECT ADDED ENTRY--TOPICAL TERM |
| Topical term or geographic name entry element |
Dental Care for Children. |
| 9 (RLIN) |
8487 |
| 650 22 - SUBJECT ADDED ENTRY--TOPICAL TERM |
| Topical term or geographic name entry element |
Pediatric Dentistry |
| General subdivision |
methods. |
| 9 (RLIN) |
8745 |
| 653 ## - INDEX TERM--UNCONTROLLED |
| keyword |
ბავშვთა სტომატოლოგია |
| 653 ## - INDEX TERM--UNCONTROLLED |
| keyword |
მედიცინა |
| 700 1# - ADDED ENTRY--PERSONAL NAME |
| Personal name |
Dean, Jeffrey A. |
| Fuller form of name |
(Jeffrey Alan), |
| Relator term |
რედაქტორი |
| 9 (RLIN) |
8746 |
| 700 1# - ADDED ENTRY--PERSONAL NAME |
| Personal name |
Avery, David R., |
| Relator term |
რედაქტორი |
| 9 (RLIN) |
8747 |
| 700 1# - ADDED ENTRY--PERSONAL NAME |
| Personal name |
McDonald, Ralph E., |
| Dates associated with a name |
1920- , |
| Relator term |
რედაქტორი |
| 9 (RLIN) |
8748 |
| 906 ## - LOCAL DATA ELEMENT F, LDF (RLIN) |
| a |
7 |
| b |
cbc |
| c |
orignew |
| d |
1 |
| e |
ecip |
| f |
20 |
| g |
y-gencatlg |
| 942 ## - ADDED ENTRY ELEMENTS (KOHA) |
| Source of classification or shelving scheme |
|
| Koha item type |
წიგნი |